La Necrópolis paleoibérica de Mianes en Santa Bárbara, Tarragona / Juan Maluquer de Motes i Nicolau
ISBN:
84-600-4781-4
Publicado:
Barcelona :
Universitat de Barcelona. Departament d'Arqueologia i Prehistòria, Institut d'Arqueologia i Prehistòria ,
1987
Descripción Física:
p. 115-185 : il., 15 p. de làm. ; 29 cm
MARC
| LEADER | 00000nam a2200000Ia 4500 | ||
|---|---|---|---|
| 001 | 11310 | ||
| 008 | 160829s1987 xx 000 0 cat d | ||
| 020 | |a 84-600-4781-4 | ||
| 080 | |a H-1-34 | ||
| 100 | 1 | |a Maluquer de Motes, Joan, |d 1915-1988 |9 30020 | |
| 245 | |a La Necrópolis paleoibérica de Mianes en Santa Bárbara, Tarragona / Juan Maluquer de Motes i Nicolau | ||
| 260 | |a Barcelona : |b Universitat de Barcelona. Departament d'Arqueologia i Prehistòria, Institut d'Arqueologia i Prehistòria, |c 1987 | ||
| 300 | |a p. 115-185 : |b il., 15 p. de làm. ; |c 29 cm | ||
| 490 | |a Programa de investigaciones protohistóricas ; 9 | ||
| 590 | |a Bibliografia | ||
| 650 | |a Mianes (Santa Bàrbara : Jaciment arqueològic) |9 36004 | ||
| 650 | |a Tombes |x Santa Bàrbara |9 36005 | ||
| 650 | |a Santa Bàrbara |x Arqueologia I |9 36006 | ||
| 650 | |a Ibers |x Santa Bàrbara |9 36007 | ||
| 710 | 2 | |a Universitat de Barcelona. |b Institut d'Arqueologia i Prehistòria |9 52757 | |
| 710 | 1 | |a Universitat de Barcelona. |b Departament de Prehistòria |9 54860 | |
| 901 | |a Arxiu | ||
| 942 | |n 1 | ||
| 952 | |0 0 |1 0 |4 0 |6 H134 |7 1 |9 47148 |a Arxiu |b Arxiu |d 2016-12-01 |l 0 |o H-1-34 |p 11310 |r 2016-12-01 00:00:00 |w 2016-12-01 |y ARXIU | ||
| 999 | |c 50945 |d 50945 | ||